<?xml version="1.0" encoding="UTF-8"?>
<record
    xmlns:xsi="http://www.w3.org/2001/XMLSchema-instance"
    xsi:schemaLocation="http://www.loc.gov/MARC21/slim http://www.loc.gov/standards/marcxml/schema/MARC21slim.xsd"
    xmlns="http://www.loc.gov/MARC21/slim">

  <leader>02615nam a22002297a 4500</leader>
  <controlfield tag="001">6627</controlfield>
  <controlfield tag="003">FISKH</controlfield>
  <controlfield tag="005">20250519104427.0</controlfield>
  <controlfield tag="008">250516b        cb ||||| |||| 00| 0 eng d</controlfield>
  <datafield tag="040" ind1=" " ind2=" ">
    <subfield code="a">FISKH</subfield>
    <subfield code="b">khr</subfield>
    <subfield code="c">FISKH</subfield>
    <subfield code="d">FISKH</subfield>
  </datafield>
  <datafield tag="082" ind1=" " ind2=" ">
    <subfield code="a">895.9323</subfield>
  </datafield>
  <datafield tag="100" ind1=" " ind2=" ">
    <subfield code="a">Samnang, Mao</subfield>
  </datafield>
  <datafield tag="245" ind1=" " ind2=" ">
    <subfield code="a">&#x1780;&#x1784;&#x1785;&#x1780;&#x17D2;&#x179A;&#x1787;&#x17B8;&#x179C;&#x17B7;&#x178F; :</subfield>
    <subfield code="b">&#x1794;&#x17D2;&#x179A;&#x179B;&#x17C4;&#x1798;&#x179B;&#x17C4;&#x1780;&#x1798;&#x1793;&#x17C4;&#x179F;&#x1789;&#x17D2;&#x1785;&#x17C1;&#x178F;&#x1793;&#x17B6;&#x200B;/</subfield>
    <subfield code="c">&#x17A2;&#x17D2;&#x1793;&#x1780;&#x179F;&#x17D2;&#x179A;&#x17B8; &#x1798;&#x17C9;&#x17C5; &#x179F;&#x17C6;&#x178E;&#x17B6;&#x1784; &#x179F;&#x1798;&#x17B6;&#x1787;&#x17B7;&#x1780;&#x17B6; &#x179F;&#x1798;&#x17B6;&#x1782;&#x1798;&#x17A2;&#x17D2;&#x1793;&#x1780;&#x1793;&#x17B7;&#x1796;&#x1793;&#x17D2;&#x1792;&#x1781;&#x17D2;&#x1798;&#x17C2;&#x179A;&#x200B;</subfield>
  </datafield>
  <datafield tag="260" ind1=" " ind2=" ">
    <subfield code="a">&#x1797;&#x17D2;&#x1793;&#x17C6;&#x1796;&#x17C1;&#x1789; :</subfield>
    <subfield code="b">&#x1794;&#x178E;&#x17D2;&#x178E;&#x17B6;&#x179B;&#x17D0;&#x1799; &#x179F;&#x17BB;&#x179A;&#x17B7;&#x1799;&#x17B6;&#x179A;&#x1784;&#x17D2;&#x179F;&#x17B8; ,</subfield>
    <subfield code="c">&#x17E2;&#x17E0;&#x17E0;&#x17E8; .</subfield>
  </datafield>
  <datafield tag="300" ind1=" " ind2=" ">
    <subfield code="a">149 pages : </subfield>
    <subfield code="b">illustrations ; </subfield>
    <subfield code="c">21 cm . </subfield>
  </datafield>
  <datafield tag="520" ind1=" " ind2=" ">
    <subfield code="a">&#x179A;&#x17BF;&#x1784; "&#x1780;&#x1784;&#x1785;&#x1780;&#x17D2;&#x179A;&#x1787;&#x17B8;&#x179C;&#x17B7;&#x178F;" &#x178A;&#x17C2;&#x179B;&#x179F;&#x179A;&#x179F;&#x17C1;&#x179A;&#x178A;&#x17C4;&#x1799; &#x17A2;&#x17D2;&#x1793;&#x1780;&#x179F;&#x17D2;&#x179A;&#x17B8; &#x1798;&#x17C9;&#x17C5; &#x179F;&#x17C6;&#x178E;&#x17B6;&#x1784; &#x1782;&#x17BA;&#x1787;&#x17B6;&#x179A;&#x17BF;&#x1784;&#x179A;&#x17C9;&#x17B6;&#x179C;&#x178A;&#x17C2;&#x179B;&#x1795;&#x17D2;&#x178F;&#x17C4;&#x178F;&#x179B;&#x17BE;&#x1787;&#x17B8;&#x179C;&#x17B7;&#x178F;&#x179A;&#x1794;&#x179F;&#x17CB;&#x179F;&#x17D2;&#x178F;&#x17D2;&#x179A;&#x17B8;&#x1798;&#x17D2;&#x1793;&#x17B6;&#x1780;&#x17CB;&#x1798;&#x17D2;&#x1793;&#x17B6;&#x1780;&#x17CB;&#x1798;&#x17D2;&#x1793;&#x17B6;&#x1780;&#x17CB;&#x1798;&#x17D2;&#x1793;&#x17B8;&#x1798;&#x17D2;&#x1793;&#x17B6;&#x1780;&#x17CB;&#x178A;&#x17C2;&#x179B;&#x1794;&#x17D2;&#x179A;&#x1788;&#x1798;&#x1798;&#x17BB;&#x1781;&#x1793;&#x17B9;&#x1784;&#x1797;&#x17B6;&#x1796;&#x178F;&#x179F;&#x17CA;&#x17BC; &#x1793;&#x17B7;&#x1784;&#x1780;&#x17B6;&#x179A;&#x179A;&#x17B9;&#x178F;&#x178F;&#x17D2;&#x1794;&#x17B7;&#x178F;&#x1793;&#x17C5;&#x1780;&#x17D2;&#x1793;&#x17BB;&#x1784;&#x179F;&#x1784;&#x17D2;&#x1782;&#x1798;&#x17D4; &#x1793;&#x17B6;&#x1784;&#x1794;&#x17D2;&#x179A;&#x1788;&#x1798;&#x1798;&#x17BB;&#x1781;&#x1793;&#x17B9;&#x1784;&#x1780;&#x17B6;&#x179A;&#x179B;&#x17C6;&#x1794;&#x17B6;&#x1780;&#x1785;&#x17D2;&#x179A;&#x17BE;&#x1793;&#x1791;&#x17B6;&#x17C6;&#x1784;&#x1795;&#x17D2;&#x1793;&#x17C2;&#x1780;&#x1782;&#x17D2;&#x179A;&#x17BD;&#x179F;&#x17B6;&#x179A; &#x1793;&#x17B7;&#x1784;&#x179F;&#x1784;&#x17D2;&#x1782;&#x1798; &#x178F;&#x17C2;&#x178A;&#x17C4;&#x1799;&#x1780;&#x17D2;&#x178F;&#x17B8;&#x1794;&#x17C9;&#x17BB;&#x1793;&#x17D2;&#x178F;&#x17C2; &#x1793;&#x17B7;&#x1784;&#x1780;&#x17B6;&#x179A;&#x1781;&#x17B7;&#x178F;&#x1781;&#x17C6;&#x1794;&#x17D2;&#x179A;&#x17B9;&#x1784;&#x1794;&#x17D2;&#x179A;&#x17C2;&#x1784; &#x1793;&#x17B6;&#x1784;&#x1794;&#x17B6;&#x1793;&#x1788;&#x17B6;&#x1793;&#x178A;&#x179B;&#x17CB;&#x1787;&#x17C4;&#x1782;&#x1787;&#x17D0;&#x1799; &#x1793;&#x17B7;&#x1784;&#x1791;&#x1791;&#x17BD;&#x179B;&#x1794;&#x17B6;&#x1793;&#x1780;&#x17D2;&#x178F;&#x17B8;&#x179F;&#x17BB;&#x1781;&#x179F;&#x17B6;&#x1793;&#x17D2;&#x178F;&#x17D4; &#x179A;&#x17BF;&#x1784;&#x1793;&#x17C1;&#x17C7;&#x1795;&#x17D2;&#x178F;&#x179B;&#x17CB;&#x179F;&#x1798;&#x17D0;&#x1799;&#x179F;&#x1798;&#x17D2;&#x179A;&#x17B6;&#x1794;&#x17CB;&#x1780;&#x17B6;&#x179A;&#x1796;&#x17B7;&#x1785;&#x17B6;&#x179A;&#x178E;&#x17B6;&#x17A2;&#x17C6;&#x1796;&#x17B8;&#x17A2;&#x17C6;&#x1796;&#x17BE;&#x17A7;&#x178F;&#x17D2;&#x178F;&#x1798;&#x1797;&#x17B6;&#x1796;&#x1793;&#x17C3;&#x1798;&#x1793;&#x17BB;&#x179F;&#x17D2;&#x179F;&#x17B2;&#x17D2;&#x1799;&#x1799;&#x17BE;&#x1784;&#x1799;&#x179B;&#x17CB;&#x178A;&#x17B9;&#x1784;&#x1796;&#x17B8;&#x178F;&#x1798;&#x17D2;&#x179B;&#x17C3;&#x1793;&#x17C3;&#x1780;&#x17B6;&#x179A;&#x1781;&#x17B7;&#x178F;&#x1781;&#x17C6;&#x1794;&#x17D2;&#x179A;&#x17B9;&#x1784;&#x1794;&#x17D2;&#x179A;&#x17C2;&#x1784; &#x1793;&#x17B7;&#x1784;&#x1780;&#x17B6;&#x179A;&#x179A;&#x17B8;&#x1780;&#x1785;&#x1798;&#x17D2;&#x179A;&#x17BE;&#x1793;&#x1780;&#x17D2;&#x1793;&#x17BB;&#x1784;&#x1787;&#x17B8;&#x179C;&#x17B7;&#x178F;</subfield>
  </datafield>
  <datafield tag="520" ind1=" " ind2=" ">
    <subfield code="a">The story "Kang Chakra Chevit" written by Mrs. Mao Samnang is a narrative that focuses on the life of a woman who faces struggles and hardships within society. She encounters many difficulties in both family and social aspects, but through perseverance and hard work, she manages to achieve success and happiness. This story serves as a reflection on human resilience, helping us understand the value of determination and progress in life.</subfield>
  </datafield>
  <datafield tag="650" ind1=" " ind2=" ">
    <subfield code="a">&#x1780;&#x1784;&#x1785;&#x1780;&#x17D2;&#x179A;&#x1787;&#x17B8;&#x179C;&#x17B7;&#x178F;</subfield>
    <subfield code="v">&#x1794;&#x17D2;&#x179A;&#x179B;&#x17C4;&#x1798;&#x179B;&#x17C4;&#x1780;&#x1798;&#x1793;&#x17C4;&#x179F;&#x1789;&#x17D2;&#x1785;&#x17C1;&#x178F;&#x1793;&#x17B6;&#x200B;</subfield>
  </datafield>
  <datafield tag="650" ind1=" " ind2=" ">
    <subfield code="a">Korng chak ji vit </subfield>
    <subfield code="v">Romantic Literature </subfield>
  </datafield>
  <datafield tag="942" ind1=" " ind2=" ">
    <subfield code="2">ddc</subfield>
    <subfield code="c">KHB</subfield>
    <subfield code="n">0</subfield>
  </datafield>
  <datafield tag="999" ind1=" " ind2=" ">
    <subfield code="c">6627</subfield>
    <subfield code="d">6627</subfield>
  </datafield>
  <datafield tag="952" ind1=" " ind2=" ">
    <subfield code="0">0</subfield>
    <subfield code="1">0</subfield>
    <subfield code="2">ddc</subfield>
    <subfield code="4">0</subfield>
    <subfield code="7">0</subfield>
    <subfield code="8">KH</subfield>
    <subfield code="a">002</subfield>
    <subfield code="b">002</subfield>
    <subfield code="c">SKB</subfield>
    <subfield code="d">2025-05-16</subfield>
    <subfield code="l">0</subfield>
    <subfield code="o">SAM  895.9323</subfield>
    <subfield code="p">FISSE01652</subfield>
    <subfield code="r">2025-05-16 11:21:59</subfield>
    <subfield code="w">2025-05-16</subfield>
    <subfield code="y">KHB</subfield>
  </datafield>
</record>
